000 00572nam a2200217Ia 4500
005 20241129110039.0
008 241129s9999||||xx |||||||||||||| ||und||
020 _a978-964-191-913-1
037 _aTB
040 _aARTS
_beng
_cARTS
041 _aeng
_2per
084 _aO164,1N29x R1
_qARTS
100 _aSalis Mehandi Akhwan Au.
_9727037
245 0 _aGuzina-e-ashar
_cSalis Mehandi Akhwan Au.
260 _c2021
300 _a407p.
365 _aINR
_b1200
650 _aPersian Poetry
942 _cTB
_hO164,1N29x R1
999 _c1227129
_d1227129